000 00551nam a22001577a 4500
005 20120215151531.0
020 _a0070447489
_c000.00
035 _aB61524
100 _aSchnoll,Scott
_942259
245 _aExchange 2000 Server: /
_bThe Complete Reference
260 _aNew Delhi
_bTata Mc Graw Hill
_c2000
300 _axxi,793p.
_c23cms
700 _aHutnik, Stephen
_942168
942 _2ddc
_cEN
_h005.754
_mSCH
999 _c62964
_d62964